• 首页
  • 本馆介绍
  • 公告通知
  • 最新文献
  • 馆藏检索
  • 电子资源
  • 读者荐购
  • 参考咨询
  • CALIS
  • 我的图书馆
  • 登录
  • 详细信息显示
  • 放入我的书架
  • 预约/预借图书
  • 作者相关作品
  • 分类相关作品
  • 丛书相关作品
  • 出版社相关作品

书目信息

  • 表格格式
  • 工作单格式
  • 卡片格式
题名:
饭店英语
    
 
作者: 游巧荣 主编
分册:  
出版信息: 武汉   华中师范大学出版社  2006.08
页数: 158页
开本: 23cm
丛书名: "华大博雅"旅游管理系列教材
单 册:
中图分类: H31
科图分类:
主题词: 饭店--fan dian--英语
电子资源:
ISBN: 7-5622-3391-8
 
 
 
 
 
000 00902nam 2200253 450
001 012006217906
005 20061219154524.81
010    @a7-5622-3391-8@dCNY22.00
100    @a20061123d2006 km y0chiy0120 ea
101 0  @achi@aeng
102    @aCN@b420000
105    @ay a 000yy
200 1  @a饭店英语@Afan dian ying yu@f游巧荣主编@Fyou qiao rong zhu bian
210    @a武汉@c华中师范大学出版社@d2006.08
215    @a158页@d23cm
225 2  @a"华大博雅"旅游管理系列教材@A"hua da bo ya"lu you guan li xi lie jiao cai
320    @a有书目 (第155-158页)。
330    @a本书共分为五部分,包括前厅、客房、餐饮康乐、过程维修、安全、人力资源、投诉处理等单元。每单元包括课文、对话、补充阅读和课后练习。
410  0 @12001 @a"华大博雅"旅游管理系列教材
606 0  @a饭店@Afan dian@x英语
690    @aH31@v4
701  0 @a游巧荣@Ayou qiao rong@4主编
801  0 @aCN@c20061219
905    @a10447@dH31@eY688
    
    饭店英语/游巧荣主编.-武汉:华中师范大学出版社,2006.08
    158页;23cm.-("华大博雅"旅游管理系列教材)
    
    
    ISBN 7-5622-3391-8:CNY22.00
    本书共分为五部分,包括前厅、客房、餐饮康乐、过程维修、安全、人力资源、投诉处理等单元。每单元包括课文、对话、补充阅读和课后练习。
●
相关链接 在E读中查询图书 在当当中查询图书 在豆瓣中查询图书


正题名:饭店英语     索取号:H31/Y688         预约/预借

序号 登录号 条形码 馆藏地/架位号 状态 备注
1 228261   202282617   语言库209/209语言库 89排4列1层/ [索取号:H31/Y688] 在馆    
2 228262   202282626   语言库209/209语言库 89排4列1层/ [索取号:H31/Y688] 在馆    
3 228263   202282635   语言库209/209语言库 89排4列1层/ [索取号:H31/Y688] 在馆    
河南城建学院图书馆 欢迎您!
大连网信软件有限公司© 版权所有